[Event "Deutsche Ländermeisterschaft 2024"]
[Site "Tübingen GER"]
[Date "2024.10.05"]
[Round "6"]
[White "Shen, Tingrui"]
[Black "Hubert, Charlotte"]
[Result "1-0"]
[Termination "normal"]
[Board "3.4"]
[WhiteElo "2112"]
[BlackElo "1878"]
[WhiteClock "00:39:43"]
[BlackClock "00:11:47"]
[WhiteTeam "Bayern"]
[BlackTeam "Hamburg"]
[PlyCount "53"]
[WhiteFideId "34603441"]
[BlackFideId "16265920"]
[EventCountry "GER"]
[EventRounds "7"]
[EventType "team-swiss"]
[EventDate "2024.10.02"]

1. d4 {[%clk 01:29:50]} {[%emt 00:01:10]} Nf6 {[%clk 01:30:54]} {[%emt
00:00:06]} 2. Nf3 {[%clk 01:29:30]} {[%emt 00:00:48]} d5 {[%clk 01:31:11]}
{[%emt 00:00:15]} 3. c4 {[%clk 01:29:36]} {[%emt 00:00:24]} e6 {[%clk
01:31:28]} {[%emt 00:00:12]} 4. Nc3 {[%clk 01:28:56]} {[%emt 00:01:09]} Be7
{[%clk 01:30:17]} {[%emt 00:01:42]} 5. g3 {[%clk 01:28:09]} {[%emt 00:01:17]}
c6 {[%clk 01:28:55]} {[%emt 00:01:53]} 6. Bg2 {[%clk 01:28:20]} {[%emt
00:00:17]} O-O {[%clk 01:29:02]} {[%emt 00:00:24]} 7. O-O {[%clk 01:28:41]}
{[%emt 00:00:09]} Nbd7 {[%clk 01:28:32]} {[%emt 00:01:01]} 8. Nd2 {[%clk
01:26:42]} {[%emt 00:02:27]} b6 {[%clk 01:23:44]} {[%emt 00:05:20]} 9. e4
{[%clk 01:26:00]} {[%emt 00:01:10]} dxe4 {[%clk 01:14:00]} {[%emt 00:10:16]}
10. Ndxe4 {[%clk 01:25:32]} {[%emt 00:00:58]} Bb7 {[%clk 01:14:17]} {[%emt
00:00:14]} 11. Be3 {[%clk 01:22:53]} {[%emt 00:03:07]} Qc8 {[%clk 01:07:19]}
{[%emt 00:07:28]} 12. Qd2 {[%clk 01:20:13]} {[%emt 00:03:10]} Rd8 {[%clk
01:06:07]} {[%emt 00:01:42]} 13. Rad1 {[%clk 01:11:32]} {[%emt 00:09:11]} e5
{[%clk 01:00:55]} {[%emt 00:05:43]} 14. Qe2 {[%clk 01:04:49]} {[%emt 00:07:11]}
Nxe4 {[%clk 00:55:03]} {[%emt 00:06:22]} 15. Nxe4 {[%clk 00:59:52]} {[%emt
00:05:27]} h6 {[%clk 00:34:23]} {[%emt 00:21:12]} 16. Qg4 {[%clk 00:57:03]}
{[%emt 00:03:18]} Nf6 {[%clk 00:27:33]} {[%emt 00:07:20]} 17. Qxc8 {[%clk
00:54:10]} {[%emt 00:03:22]} Raxc8 {[%clk 00:27:53]} {[%emt 00:00:12]} 18. dxe5
{[%clk 00:54:13]} {[%emt 00:00:25]} Ne8 {[%clk 00:26:18]} {[%emt 00:02:06]} 19.
c5 {[%clk 00:51:48]} {[%emt 00:02:55]} Rxd1 {[%clk 00:24:16]} {[%emt 00:02:31]}
20. Rxd1 {[%clk 00:51:41]} {[%emt 00:00:38]} Rd8 {[%clk 00:24:32]} {[%emt
00:00:14]} 21. Rc1 {[%clk 00:51:03]} {[%emt 00:01:09]} b5 {[%clk 00:24:14]}
{[%emt 00:00:48]} 22. Nd6 {[%clk 00:50:27]} {[%emt 00:01:05]} Ba8 {[%clk
00:20:11]} {[%emt 00:04:32]} 23. f4 {[%clk 00:47:11]} {[%emt 00:03:47]} g6
{[%clk 00:19:34]} {[%emt 00:01:06]} 24. f5 {[%clk 00:46:22]} {[%emt 00:01:20]}
Bg5 {[%clk 00:17:47]} {[%emt 00:02:17]} 25. Bxg5 {[%clk 00:44:11]} {[%emt
00:02:41]} hxg5 {[%clk 00:18:11]} {[%emt 00:00:07]} 26. Rf1 {[%clk 00:40:22]}
{[%emt 00:04:17]} Nxd6 {[%clk 00:11:47]} {[%emt 00:06:56]} 27. cxd6 {[%clk
00:39:43]} {[%emt 00:01:08]} 1-0

[Event "Deutsche Ländermeisterschaft 2024"]
[Site "Tübingen GER"]
[Date "2024.10.05"]
[Round "6"]
[White "Wartenberg, Alexander"]
[Black "Bauer, Laura Sophie"]
[Result "1/2-1/2"]
[Termination "normal"]
[Board "3.5"]
[WhiteElo "1857"]
[BlackElo "1923"]
[WhiteClock "00:33:53"]
[BlackClock "00:56:16"]
[WhiteTeam "Hamburg"]
[BlackTeam "Bayern"]
[PlyCount "64"]
[WhiteFideId "16280768"]
[BlackFideId "16253647"]
[EventCountry "GER"]
[EventRounds "7"]
[EventType "team-swiss"]
[EventDate "2024.10.02"]

1. e4 {[%clk 01:30:59]} {[%emt 00:00:01]} c5 {[%clk 01:30:55]} {[%emt
00:00:05]} 2. Nf3 {[%clk 01:31:24]} {[%emt 00:00:05]} Nc6 {[%clk 01:31:15]}
{[%emt 00:00:10]} 3. d4 {[%clk 01:31:47]} {[%emt 00:00:07]} cxd4 {[%clk
01:31:40]} {[%emt 00:00:05]} 4. Nxd4 {[%clk 01:32:13]} {[%emt 00:00:04]} g6
{[%clk 01:32:04]} {[%emt 00:00:06]} 5. c4 {[%clk 01:32:39]} {[%emt 00:00:03]}
Nf6 {[%clk 01:32:29]} {[%emt 00:00:06]} 6. Nc3 {[%clk 01:33:05]} {[%emt
00:00:05]} d6 {[%clk 01:32:54]} {[%emt 00:00:04]} 7. Be2 {[%clk 01:32:56]}
{[%emt 00:00:39]} Nxd4 {[%clk 01:33:14]} {[%emt 00:00:10]} 8. Qxd4 {[%clk
01:33:15]} {[%emt 00:00:11]} Bg7 {[%clk 01:33:38]} {[%emt 00:00:06]} 9. Be3
{[%clk 01:31:31]} {[%emt 00:02:15]} O-O {[%clk 01:33:14]} {[%emt 00:00:53]} 10.
Qd2 {[%clk 01:31:50]} {[%emt 00:00:11]} Be6 {[%clk 01:33:18]} {[%emt 00:00:25]}
11. Rc1 {[%clk 01:31:39]} {[%emt 00:00:42]} Qa5 {[%clk 01:33:19]} {[%emt
00:00:29]} 12. f3 {[%clk 01:30:03]} {[%emt 00:02:06]} Rfc8 {[%clk 01:33:25]}
{[%emt 00:00:24]} 13. b3 {[%clk 01:28:59]} {[%emt 00:01:34]} a6 {[%clk
01:33:22]} {[%emt 00:00:32]} 14. O-O {[%clk 01:25:13]} {[%emt 00:04:17]} b5
{[%clk 01:31:55]} {[%emt 00:01:58]} 15. Nd5 {[%clk 01:22:19]} {[%emt 00:03:23]}
Qxd2 {[%clk 01:31:49]} {[%emt 00:00:36]} 16. Bxd2 {[%clk 01:21:49]} {[%emt
00:00:59]} Nxd5 {[%clk 01:29:30]} {[%emt 00:02:49]} 17. cxd5 {[%clk 01:14:25]}
{[%emt 00:07:55]} Bd7 {[%clk 01:29:48]} {[%emt 00:00:11]} 18. Rxc8+ {[%clk
01:13:35]} {[%emt 00:01:21]} Rxc8 {[%clk 01:30:10]} {[%emt 00:00:07]} 19. Rc1
{[%clk 01:13:57]} {[%emt 00:00:08]} Rxc1+ {[%clk 01:29:20]} {[%emt 00:01:20]}
20. Bxc1 {[%clk 01:14:16]} {[%emt 00:00:11]} Bd4+ {[%clk 01:28:12]} {[%emt
00:01:38]} 21. Kf1 {[%clk 01:12:41]} {[%emt 00:02:06]} a5 {[%clk 01:27:29]}
{[%emt 00:01:13]} 22. a3 {[%clk 01:09:01]} {[%emt 00:04:11]} a4 {[%clk
01:21:40]} {[%emt 00:06:19]} 23. bxa4 {[%clk 00:58:53]} {[%emt 00:10:37]} bxa4
{[%clk 01:22:02]} {[%emt 00:00:07]} 24. Ke1 {[%clk 00:58:18]} {[%emt 00:01:06]}
Kf8 {[%clk 01:16:47]} {[%emt 00:05:45]} 25. Bd2 {[%clk 00:38:40]} {[%emt
00:20:07]} Bc5 {[%clk 01:12:56]} {[%emt 00:04:21]} 26. Bb4 {[%clk 00:35:45]}
{[%emt 00:03:25]} Bxb4+ {[%clk 00:59:18]} {[%emt 00:14:08]} 27. axb4 {[%clk
00:36:03]} {[%emt 00:00:13]} a3 {[%clk 00:58:41]} {[%emt 00:01:07]} 28. Bc4
{[%clk 00:36:21]} {[%emt 00:00:12]} Bb5 {[%clk 00:58:47]} {[%emt 00:00:23]} 29.
Bb3 {[%clk 00:36:02]} {[%emt 00:00:50]} Ba4 {[%clk 00:56:33]} {[%emt 00:02:44]}
30. Bc4 {[%clk 00:33:30]} {[%emt 00:03:02]} Bb5 {[%clk 00:55:41]} {[%emt
00:01:21]} 31. Bb3 {[%clk 00:33:53]} {[%emt 00:00:08]} Ba4 {[%clk 00:56:05]}
{[%emt 00:00:07]} 32. Bc4 {[%clk 00:33:53]} {[%emt 00:00:29]} Bb5 {[%clk
00:56:16]} {[%emt 00:00:16]} 1/2-1/2

[Event "Deutsche Ländermeisterschaft 2024"]
[Site "Tübingen GER"]
[Date "2024.10.05"]
[Round "6"]
[White "Bardorz, Jana"]
[Black "Wartenberg, Alissa"]
[Result "1-0"]
[Termination "normal"]
[Board "3.6"]
[WhiteElo "2069"]
[BlackElo "1813"]
[WhiteClock "00:03:36"]
[BlackClock "00:01:21"]
[WhiteTeam "Bayern"]
[BlackTeam "Hamburg"]
[PlyCount "119"]
[WhiteFideId "16208897"]
[BlackFideId "16280741"]
[EventCountry "GER"]
[EventRounds "7"]
[EventType "team-swiss"]
[EventDate "2024.10.02"]

1. e4 {[%clk 01:30:56]} {[%emt 00:00:03]} e5 {[%clk 01:30:56]} {[%emt
00:00:04]} 2. Nf3 {[%clk 01:31:14]} {[%emt 00:00:12]} Nc6 {[%clk 01:31:07]}
{[%emt 00:00:19]} 3. Bc4 {[%clk 01:31:17]} {[%emt 00:00:27]} Bc5 {[%clk
01:31:24]} {[%emt 00:00:13]} 4. c3 {[%clk 01:31:34]} {[%emt 00:00:13]} Nf6
{[%clk 01:31:37]} {[%emt 00:00:18]} 5. d4 {[%clk 01:30:27]} {[%emt 00:01:37]}
exd4 {[%clk 01:29:38]} {[%emt 00:02:29]} 6. e5 {[%clk 01:30:43]} {[%emt
00:00:13]} d5 {[%clk 01:29:31]} {[%emt 00:00:37]} 7. Bb5 {[%clk 01:30:54]}
{[%emt 00:00:18]} Ne4 {[%clk 01:28:04]} {[%emt 00:01:58]} 8. cxd4 {[%clk
01:31:10]} {[%emt 00:00:14]} Bb4+ {[%clk 01:27:55]} {[%emt 00:00:39]} 9. Nbd2
{[%clk 01:29:11]} {[%emt 00:02:28]} Bg4 {[%clk 01:12:15]} {[%emt 00:16:11]} 10.
Qc2 {[%clk 01:21:37]} {[%emt 00:08:04]} O-O {[%clk 01:05:32]} {[%emt 00:07:13]}
11. Bxc6 {[%clk 01:19:07]} {[%emt 00:03:00]} bxc6 {[%clk 01:05:35]} {[%emt
00:00:27]} 12. O-O {[%clk 01:17:10]} {[%emt 00:02:27]} Bxf3 {[%clk 00:58:55]}
{[%emt 00:07:10]} 13. Nxf3 {[%clk 01:15:55]} {[%emt 00:01:45]} Qd7 {[%clk
00:57:00]} {[%emt 00:02:25]} 14. Be3 {[%clk 01:09:48]} {[%emt 00:06:36]} f5
{[%clk 00:45:35]} {[%emt 00:11:56]} 15. exf6 {[%clk 01:03:24]} {[%emt
00:06:54]} Rxf6 {[%clk 00:45:55]} {[%emt 00:00:10]} 16. Ne5 {[%clk 01:02:24]}
{[%emt 00:01:30]} Qe8 {[%clk 00:40:51]} {[%emt 00:05:34]} 17. f3 {[%clk
00:58:45]} {[%emt 00:04:09]} Nd6 {[%clk 00:37:35]} {[%emt 00:03:46]} 18. Qxc6
{[%clk 00:51:30]} {[%emt 00:07:45]} Qxc6 {[%clk 00:33:23]} {[%emt 00:04:42]}
19. Nxc6 {[%clk 00:51:53]} {[%emt 00:00:06]} Nc4 {[%clk 00:27:12]} {[%emt
00:06:42]} 20. Nxb4 {[%clk 00:51:53]} {[%emt 00:00:30]} Nxe3 {[%clk 00:27:37]}
{[%emt 00:00:05]} 21. Rfc1 {[%clk 00:44:32]} {[%emt 00:07:51]} Rb8 {[%clk
00:24:31]} {[%emt 00:03:36]} 22. Nd3 {[%clk 00:43:20]} {[%emt 00:01:41]} c6
{[%clk 00:19:20]} {[%emt 00:05:42]} 23. b3 {[%clk 00:37:07]} {[%emt 00:06:43]}
Nf5 {[%clk 00:19:02]} {[%emt 00:00:48]} 24. Re1 {[%clk 00:36:03]} {[%emt
00:01:35]} Nxd4 {[%clk 00:18:11]} {[%emt 00:01:21]} 25. Rac1 {[%clk 00:34:46]}
{[%emt 00:01:45]} Rc8 {[%clk 00:13:00]} {[%emt 00:05:42]} 26. Kf2 {[%clk
00:30:00]} {[%emt 00:05:17]} Re6 {[%clk 00:12:25]} {[%emt 00:01:05]} 27. Rxe6
{[%clk 00:28:49]} {[%emt 00:01:40]} Nxe6 {[%clk 00:12:52]} {[%emt 00:00:03]}
28. Nb4 {[%clk 00:28:33]} {[%emt 00:00:46]} Nd8 {[%clk 00:11:14]} {[%emt
00:02:08]} 29. Nxd5 {[%clk 00:28:35]} {[%emt 00:00:28]} Kf7 {[%clk 00:10:49]}
{[%emt 00:00:56]} 30. Nb4 {[%clk 00:28:30]} {[%emt 00:00:33]} Kf6 {[%clk
00:10:24]} {[%emt 00:00:56]} 31. Rd1 {[%clk 00:23:26]} {[%emt 00:05:35]} a5
{[%clk 00:08:46]} {[%emt 00:02:08]} 32. Nd3 {[%clk 00:20:21]} {[%emt 00:03:34]}
Ne6 {[%clk 00:08:47]} {[%emt 00:00:29]} 33. Rc1 {[%clk 00:17:21]} {[%emt
00:03:30]} c5 {[%clk 00:08:31]} {[%emt 00:00:46]} 34. Rc4 {[%clk 00:17:03]}
{[%emt 00:00:48]} Ke7 {[%clk 00:07:26]} {[%emt 00:01:35]} 35. Ra4 {[%clk
00:15:35]} {[%emt 00:01:58]} Ra8 {[%clk 00:07:12]} {[%emt 00:00:43]} 36. Ke3
{[%clk 00:12:55]} {[%emt 00:03:10]} Kd6 {[%clk 00:06:36]} {[%emt 00:01:07]} 37.
Nb2 {[%clk 00:08:13]} {[%emt 00:05:11]} Kc6 {[%clk 00:05:17]} {[%emt 00:01:49]}
38. Re4 {[%clk 00:07:47]} {[%emt 00:00:56]} Kd7 {[%clk 00:04:51]} {[%emt
00:00:57]} 39. Kd3 {[%clk 00:04:41]} {[%emt 00:03:36]} Rb8 {[%clk 00:02:29]}
{[%emt 00:02:52]} 40. Ra4 {[%clk 00:04:10]} {[%emt 00:01:00]} Rb5 {[%clk
00:00:38]} {[%emt 00:02:21]} 41. Kc4 {[%clk 00:00:35]} {[%emt 00:04:05]} Kc6
{[%clk 00:28:37]} {[%emt 00:02:31]} 42. Nd3 {[%clk 00:27:34]} {[%emt 00:03:31]}
Nd4 {[%clk 00:25:27]} {[%emt 00:03:40]} 43. f4 {[%clk 00:26:20]} {[%emt
00:01:45]} Nc2 {[%clk 00:24:02]} {[%emt 00:01:55]} 44. Ne5+ {[%clk 00:24:44]}
{[%emt 00:02:06]} Kb6 {[%clk 00:24:13]} {[%emt 00:00:19]} 45. Kd5 {[%clk
00:21:56]} {[%emt 00:03:18]} Ne3+ {[%clk 00:17:07]} {[%emt 00:07:36]} 46. Kd6
{[%clk 00:21:11]} {[%emt 00:01:14]} Rb4 {[%clk 00:14:26]} {[%emt 00:03:12]} 47.
Rxb4+ {[%clk 00:20:12]} {[%emt 00:01:29]} cxb4 {[%clk 00:14:45]} {[%emt
00:00:10]} 48. g4 {[%clk 00:12:15]} {[%emt 00:08:28]} a4 {[%clk 00:11:20]}
{[%emt 00:03:55]} 49. f5 {[%clk 00:07:45]} {[%emt 00:05:00]} h6 {[%clk
00:05:22]} {[%emt 00:06:28]} 50. h4 {[%clk 00:07:44]} {[%emt 00:00:30]} h5
{[%clk 00:05:18]} {[%emt 00:00:35]} 51. f6 {[%clk 00:03:31]} {[%emt 00:04:43]}
gxf6 {[%clk 00:05:12]} {[%emt 00:00:37]} 52. Nd7+ {[%clk 00:03:55]} {[%emt
00:00:05]} Kb5 {[%clk 00:05:14]} {[%emt 00:00:28]} 53. gxh5 {[%clk 00:04:07]}
{[%emt 00:00:18]} Nf5+ {[%clk 00:05:18]} {[%emt 00:00:26]} 54. Kd5 {[%clk
00:03:54]} {[%emt 00:00:43]} Nxh4 {[%clk 00:03:10]} {[%emt 00:02:38]} 55. Nxf6
{[%clk 00:02:21]} {[%emt 00:02:03]} axb3 {[%clk 00:01:17]} {[%emt 00:02:22]}
56. axb3 {[%clk 00:02:43]} {[%emt 00:00:08]} Nf3 {[%clk 00:01:22]} {[%emt
00:00:25]} 57. h6 {[%clk 00:02:47]} {[%emt 00:00:27]} Ng5 {[%clk 00:01:11]}
{[%emt 00:00:41]} 58. h7 {[%clk 00:03:10]} {[%emt 00:00:07]} Nf7 {[%clk
00:01:12]} {[%emt 00:00:29]} 59. Ng4 {[%clk 00:03:15]} {[%emt 00:00:25]} Nh8
{[%clk 00:01:21]} {[%emt 00:00:21]} 60. Ne5 {[%clk 00:03:36]} {[%emt 00:00:09]}
1-0

[Event "Deutsche Ländermeisterschaft 2024"]
[Site "Tübingen GER"]
[Date "2024.10.05"]
[Round "6"]
[White "Andersen, Jonathan"]
[Black "Schwarzfischer, Julia"]
[Result "1/2-1/2"]
[Termination "normal"]
[Board "3.7"]
[WhiteElo "1676"]
[BlackElo "1788"]
[WhiteClock "00:12:54"]
[BlackClock "00:06:17"]
[WhiteTeam "Hamburg"]
[BlackTeam "Bayern"]
[PlyCount "159"]
[WhiteFideId "34623884"]
[BlackFideId "16268105"]
[EventCountry "GER"]
[EventRounds "7"]
[EventType "team-swiss"]
[EventDate "2024.10.02"]

1. e4 {[%clk 01:30:57]} {[%emt 00:00:02]} c5 {[%clk 01:30:58]} {[%emt
00:00:03]} 2. Nf3 {[%clk 01:31:20]} {[%emt 00:00:07]} Nc6 {[%clk 01:31:24]}
{[%emt 00:00:04]} 3. d4 {[%clk 01:31:47]} {[%emt 00:00:04]} cxd4 {[%clk
01:31:50]} {[%emt 00:00:03]} 4. Nxd4 {[%clk 01:32:07]} {[%emt 00:00:10]} e5
{[%clk 01:32:16]} {[%emt 00:00:04]} 5. Nb5 {[%clk 01:31:40]} {[%emt 00:00:56]}
a6 {[%clk 01:32:42]} {[%emt 00:00:05]} 6. Nd6+ {[%clk 01:31:06]} {[%emt
00:01:04]} Bxd6 {[%clk 01:33:03]} {[%emt 00:00:09]} 7. Qxd6 {[%clk 01:31:29]}
{[%emt 00:00:07]} Qf6 {[%clk 01:33:31]} {[%emt 00:00:02]} 8. Qd3 {[%clk
01:31:16]} {[%emt 00:00:42]} Nge7 {[%clk 01:33:15]} {[%emt 00:00:47]} 9. Be3
{[%clk 01:31:09]} {[%emt 00:00:37]} Qg6 {[%clk 01:32:44]} {[%emt 00:01:01]} 10.
Nc3 {[%clk 01:31:16]} {[%emt 00:00:22]} Nb4 {[%clk 01:32:28]} {[%emt 00:00:47]}
11. Qd2 {[%clk 01:31:32]} {[%emt 00:00:14]} d5 {[%clk 01:32:16]} {[%emt
00:00:42]} 12. Bc5 {[%clk 01:22:38]} {[%emt 00:09:23]} d4 {[%clk 01:28:43]}
{[%emt 00:04:04]} 13. Bxe7 {[%clk 01:22:23]} {[%emt 00:00:45]} Kxe7 {[%clk
01:28:31]} {[%emt 00:00:42]} 14. Ne2 {[%clk 01:22:16]} {[%emt 00:00:37]} Nc6
{[%clk 01:27:54]} {[%emt 00:01:06]} 15. Ng3 {[%clk 01:21:59]} {[%emt 00:00:48]}
Be6 {[%clk 01:27:37]} {[%emt 00:00:48]} 16. O-O-O {[%clk 01:21:44]} {[%emt
00:00:44]} Rhd8 {[%clk 01:21:28]} {[%emt 00:06:39]} 17. f4 {[%clk 01:21:46]}
{[%emt 00:00:28]} exf4 {[%clk 01:14:09]} {[%emt 00:07:50]} 18. Qxf4 {[%clk
01:22:04]} {[%emt 00:00:11]} Rac8 {[%clk 01:13:39]} {[%emt 00:01:00]} 19. a3
{[%clk 01:20:54]} {[%emt 00:01:40]} Bg4 {[%clk 01:06:16]} {[%emt 00:07:53]} 20.
Rd2 {[%clk 01:18:44]} {[%emt 00:02:41]} b5 {[%clk 00:53:44]} {[%emt 00:13:02]}
21. Kb1 {[%clk 01:14:56]} {[%emt 00:04:17]} Kf8 {[%clk 00:46:42]} {[%emt
00:07:31]} 22. h3 {[%clk 01:09:19]} {[%emt 00:06:08]} Be6 {[%clk 00:45:05]}
{[%emt 00:01:56]} 23. Be2 {[%clk 01:08:50]} {[%emt 00:01:09]} Bc4 {[%clk
00:44:38]} {[%emt 00:00:58]} 24. Bh5 {[%clk 01:06:45]} {[%emt 00:02:34]} Qd6
{[%clk 00:44:31]} {[%emt 00:00:36]} 25. Qxd6+ {[%clk 01:07:04]} {[%emt
00:00:11]} Rxd6 {[%clk 00:44:57]} {[%emt 00:00:06]} 26. b3 {[%clk 01:07:26]}
{[%emt 00:00:08]} Be6 {[%clk 00:44:30]} {[%emt 00:00:57]} 27. Rhd1 {[%clk
01:07:27]} {[%emt 00:00:28]} g6 {[%clk 00:43:55]} {[%emt 00:01:05]} 28. Bf3
{[%clk 01:07:14]} {[%emt 00:00:43]} Rcd8 {[%clk 00:43:38]} {[%emt 00:00:48]}
29. Ne2 {[%clk 01:07:17]} {[%emt 00:00:26]} d3 {[%clk 00:36:31]} {[%emt
00:07:37]} 30. Rxd3 {[%clk 01:07:08]} {[%emt 00:00:40]} Rxd3 {[%clk 00:36:48]}
{[%emt 00:00:13]} 31. Rxd3 {[%clk 01:07:34]} {[%emt 00:00:03]} Rxd3 {[%clk
00:37:11]} {[%emt 00:00:07]} 32. cxd3 {[%clk 01:08:02]} {[%emt 00:00:03]} Bxb3
{[%clk 00:37:27]} {[%emt 00:00:15]} 33. Kb2 {[%clk 01:08:26]} Be6 {[%clk
00:34:22]} {[%emt 00:03:39]} 34. Kc3 {[%clk 01:05:07]} {[%emt 00:03:50]} a5
{[%clk 00:34:16]} {[%emt 00:00:36]} 35. d4 {[%clk 01:05:06]} {[%emt 00:00:31]}
Bc4 {[%clk 00:30:54]} {[%emt 00:03:52]} 36. d5 {[%clk 01:04:32]} {[%emt
00:01:04]} Ne5 {[%clk 00:30:13]} {[%emt 00:01:10]} 37. Nd4 {[%clk 01:04:39]}
{[%emt 00:00:23]} Ke7 {[%clk 00:27:03]} {[%emt 00:03:41]} 38. Be2 {[%clk
01:01:59]} {[%emt 00:03:10]} Bxe2 {[%clk 00:25:42]} {[%emt 00:01:51]} 39. Nxe2
{[%clk 01:02:18]} {[%emt 00:00:10]} Kd6 {[%clk 00:25:38]} {[%emt 00:00:34]} 40.
Kd4 {[%clk 00:34:15]} {[%emt 00:28:33]} b4 {[%clk 00:13:10]} {[%emt 00:13:00]}
41. axb4 {[%clk 00:34:18]} {[%emt 00:00:26]} axb4 {[%clk 00:13:34]} {[%emt
00:00:06]} 42. h4 {[%clk 00:33:48]} {[%emt 00:01:00]} Ng4 {[%clk 00:05:47]}
{[%emt 00:08:17]} 43. Ng3 {[%clk 00:28:12]} {[%emt 00:06:05]} Ne5 {[%clk
00:04:10]} {[%emt 00:02:07]} 44. h5 {[%clk 00:25:39]} {[%emt 00:03:03]} b3
{[%clk 00:02:27]} {[%emt 00:02:13]} 45. Kc3 {[%clk 00:24:55]} {[%emt 00:01:15]}
Kc5 {[%clk 00:02:41]} {[%emt 00:00:16]} 46. Kxb3 {[%clk 00:25:13]} Kd4 {[%clk
00:02:52]} {[%emt 00:00:31]} 47. hxg6 {[%clk 00:25:22]} hxg6 {[%clk 00:03:06]}
{[%emt 00:00:38]} 48. Kb4 {[%clk 00:22:55]} f6 {[%clk 00:28:51]} {[%emt
00:07:41]} 49. d6 {[%clk 00:51:05]} Ke3 {[%clk 00:25:23]} {[%emt 00:06:19]} 50.
Kc5 {[%clk 00:50:21]} {[%emt 00:01:13]} Kf4 {[%clk 00:21:25]} {[%emt 00:04:27]}
51. Ne2+ {[%clk 00:37:08]} {[%emt 00:13:43]} Kxe4 {[%clk 00:21:17]} {[%emt
00:00:38]} 52. Nc3+ {[%clk 00:36:53]} {[%emt 00:00:46]} Kf5 {[%clk 00:21:14]}
{[%emt 00:00:32]} 53. Kd5 {[%clk 00:37:08]} {[%emt 00:00:16]} Nd7 {[%clk
00:16:55]} {[%emt 00:04:49]} 54. g4 {[%clk 00:26:33]} {[%emt 00:11:05]} Kxg4
{[%clk 00:16:51]} {[%emt 00:00:34]} 55. Ke6 {[%clk 00:26:56]} {[%emt 00:00:07]}
Nc5+ {[%clk 00:14:58]} {[%emt 00:02:23]} 56. Ke7 {[%clk 00:12:34]} {[%emt
00:14:52]} f5 {[%clk 00:09:45]} {[%emt 00:05:43]} 57. Na4 {[%clk 00:12:55]}
{[%emt 00:00:08]} Na6 {[%clk 00:09:54]} {[%emt 00:00:21]} 58. Kd7 {[%clk
00:12:11]} {[%emt 00:01:14]} f4 {[%clk 00:07:38]} {[%emt 00:02:47]} 59. Kc8
{[%clk 00:12:22]} {[%emt 00:00:18]} f3 {[%clk 00:08:02]} {[%emt 00:00:07]} 60.
d7 {[%clk 00:12:41]} {[%emt 00:00:10]} f2 {[%clk 00:08:29]} {[%emt 00:00:03]}
61. d8=Q {[%clk 00:11:28]} {[%emt 00:00:05]} f1=Q {[%clk 00:08:45]} {[%emt
00:01:52]} 62. Qd4+ {[%clk 00:11:45]} {[%emt 00:00:11]} Qf4 {[%clk 00:08:12]}
{[%emt 00:01:05]} 63. Qd1+ {[%clk 00:11:33]} {[%emt 00:00:33]} Kg5 {[%clk
00:08:41]} {[%emt 00:00:11]} 64. Qd8+ {[%clk 00:11:45]} {[%emt 00:00:18]} Kh5
{[%emt 00:01:36]} 65. Qd1+ {[%clk 00:09:58]} {[%emt 00:01:43]} Qg4+ {[%clk
00:08:18]} {[%emt 00:00:21]} 66. Qxg4+ {[%clk 00:10:23]} {[%emt 00:00:05]} Kxg4
{[%clk 00:08:46]} {[%emt 00:00:01]} 67. Nc3 {[%clk 00:10:41]} {[%emt 00:00:11]}
Nb4 {[%clk 00:08:23]} {[%emt 00:00:54]} 68. Ne4 {[%clk 00:10:28]} {[%emt
00:00:42]} Kf4 {[%clk 00:08:11]} {[%emt 00:00:41]} 69. Nf2 {[%clk 00:10:55]}
{[%emt 00:00:04]} Nd5 {[%clk 00:07:55]} {[%emt 00:00:48]} 70. Kd7 {[%clk
00:11:04]} {[%emt 00:00:20]} Nf6+ {[%clk 00:08:21]} {[%emt 00:00:05]} 71. Ke6
{[%clk 00:11:21]} {[%emt 00:00:12]} Nh5 {[%clk 00:06:54]} {[%emt 00:01:56]} 72.
Kd5 {[%clk 00:11:24]} {[%emt 00:00:28]} Ng3 {[%clk 00:06:32]} {[%emt 00:00:52]}
73. Kd4 {[%clk 00:11:30]} {[%emt 00:00:24]} Kf3 {[%clk 00:06:27]} {[%emt
00:00:34]} 74. Nh3 {[%clk 00:11:35]} {[%emt 00:00:26]} Kg4 {[%clk 00:05:43]}
{[%emt 00:01:14]} 75. Nf2 {[%clk 00:11:53]} {[%emt 00:00:12]} Kh4 {[%clk
00:06:06]} {[%emt 00:00:08]} 76. Ke3 {[%clk 00:12:04]} {[%emt 00:00:18]} g5
{[%clk 00:06:23]} {[%emt 00:00:13]} 77. Kf3 {[%clk 00:12:22]} {[%emt 00:00:11]}
Nf5 {[%clk 00:06:40]} {[%emt 00:00:13]} 78. Kg2 {[%emt 00:00:34]} Kh5 {[%clk
00:06:23]} {[%emt 00:00:42]} 79. Ne4 {[%clk 00:12:35]} {[%emt 00:00:19]} Ne3+
{[%clk 00:06:17]} {[%emt 00:00:36]} 80. Kf3 {[%clk 00:12:54]} {[%emt 00:00:10]}
1/2-1/2